000 00599nam a2200181 i 4500
001 79213
003 ES-MaACL
005 20230906173928.0
007 t|
008 041020s1950 ag ||||1| spa d
100 1 _aHendrick, Ives.
_962528
245 1 0 _aHechos y teorías del Psicoanálisis /
_cIves Hendrick ; traducción de Ludovico Rosenthal.
260 _aBuenos Aires :
_bEditorial Sudamericana,
_c[1950] (
_fCompañía Impresora Argentina)
300 _a331 p. ;
_c22 cm.
650 0 4 _aPsicoanálisis.
_916530
700 1 _aRosenthal, Ludovico.
_999765
852 _aES-MaACL
_jD-5358
_bR.30966
999 _c79213
_d79213